| 000 | 00670nam a2200265Ia 4500 | ||
|---|---|---|---|
| 001 | Para_1726 | ||
| 003 | CHAP | ||
| 008 | 220125s1996 xx 000 0 und d | ||
| 010 | _a200344 | ||
| 040 | _cCHAP | ||
| 082 | _aPA 631.51 F6 | ||
| 111 |
_aFoto Internacional Labranza de Conservación (4:1996:s/l) _9165221 |
||
| 245 |
_aMemorias / _c por FIRA |
||
| 260 |
_as/l : _b FIRA |
||
| 300 | _ac.a. 200 p. | ||
| 650 |
_aLabranza cero _964307 |
||
| 710 |
_aFIRA _941029 |
||
| 901 | _aPA 631.51 F6 | ||
| 902 | _aA | ||
| 905 | _a0000001996 0000000000 00 | ||
| 910 | _a1996 | ||
| 942 | _cPARA | ||
| 942 |
_cPARA _d1 |
||
| 999 |
_c200344 _d200344 |
||